Ruský jazyk pre ekonómov I.

Enregistré dans:
Détails bibliographiques
Auteur principal: Strelková, Katarína
Collectivité auteur: Ekonomická univerzita v Bratislave. Ústav jazykov
Format: Livre
Langue:russe
slovaque
Publié: Bratislava Vydavateľstvo EKONÓM 2004
Sujets:
Tags: Ajouter un tag
Pas de tags, Soyez le premier à ajouter un tag!

MARC

LEADER 00000nam$a2200000$$$4500
001 0021249
005 20240502071411.6
020 |a 80-225-1915-4 
041 0 |a rus 
041 0 |a slo 
044 |a SK 
245 1 0 |a Ruský jazyk pre ekonómov I.  |c Katarína Strelková 
264 1 |a Bratislava  |b Vydavateľstvo EKONÓM  |c 2004 
300 |a 80 s. 
610 2 0 |a jazyky cudzie 
610 2 0 |a jazykoveda 
610 2 0 |a terminológia 
100 1 |a Strelková, Katarína 
710 2 |a Ekonomická univerzita v Bratislave. Ústav jazykov